Poussée des terres (Record no. 126644)

MARC details
000 -LEADER
campo de control de longitud fija 00689nam a2200193 4500
001 - NÚMERO DE CONTROL
campo de control 126644
003 - IDENTIFICADOR DE NÚMERO DE CONTROL
campo de control ES-MaACL
005 - FECHA Y HORA DE LA ÚLTIMA TRANSACCIÓN
campo de control 20230906192844.0
007 - CAMPO FIJO DE DESCRIPCIÓN FÍSICA--INFORMACIÓN GENERAL
campo de control de longitud fija t|
008 - DATOS DE LONGITUD FIJA--INFORMACIÓN GENERAL
campo de control de longitud fija 070214s1903 fr r ||||1| fre d
100 1# - ENTRADA PRINCIPAL--NOMBRE DE PERSONA
Nombre de persona Résal, Jean.
9 (RLIN) 96314
245 10 - MENCIÓN DEL TÍTULO
Título Poussée des terres
Resto del título : stabilité des murs de soutènement : theorie des terres : coherentes applications : tables numeriques : cours de l'Ecole des Ponts & Chaussées /
Mención de responsabilidad, etc. Jean Résal.
260 ## - PUBLICACIÓN, DISTRIBUCIÓN, ETC.
Lugar de publicación, distribución, etc. Paris :
Nombre del editor, distribuidor, etc. Ch. Béranger,
Fecha de publicación, distribución, etc. 1903.
300 ## - DESCRIPCIÓN FÍSICA
Extensión 2 v. ;
Dimensiones 26 x 17 cm.
490 1# - MENCIÓN DE SERIE
Mención de serie Encyclopédie des Travaux Publics
830 0# - PUNTO DE ACCESO ADICIONAL DE SERIE-TÍTULO UNIFORME
Título uniforme Encyclopédie des Travaux Publics
9 (RLIN) 182909
852 ## - LOCALIZACIÓN
Ubicación ES-MaACL
Número de control de estantería F-1637-38
Holdings
Estatus retirado Estado de pérdida Estado de daño No para préstamo Biblioteca de origen Biblioteca actual Ubicación en estantería Fecha de adquisición Fuente de adquisición Total de préstamos Signatura topográfica completa Código de barras Visto por última vez Precio de reemplazo Tipo de ítem Koha
        Biblioteca del Ateneo de Madrid Biblioteca del Ateneo de Madrid Depósito 2 17/01/2008     F-1637-38 1131910 23/02/2023 23/02/2023 Libro impreso